Random history questions #1 - Statistics

General Stats
  • This quiz has been taken 26 times
  • The average score is 7 of 15
Answer Stats
Clue Answer % Correct
President of the US in WW2 Franklin D. Roosevelt
88%
Napoleon and Hitler failed to conquerthis country because of the harsh weather Russia
88%
He was assassinated in June 28 1914 Franz Ferdinand
81%
A powerful General that crowned himself
Emperor in 1803
Napoleon I / Napoleon Bonaparte
69%
What year was NATO created? 1949
58%
A Roman emperor that loves music Nero
50%
He was known as "The Austrian Painter" Adolf Hitler
46%
The Triple Axis was formed in 19__? 1940
42%
Which Axis member surrenderedlastly in WWII? (Hint: empire) The Japanese Empire
35%
Belgium once owned this country DRC
31%
Youngest wife of King Henry VIII Catherine Howard
27%
Sentinel Island is part of which country? India
15%
French Indochina (3 countries) Vietnam, Laos, Cambodia
15%
When did the German empire surrenderedin WWI? November 11 1918
12%
Famous brand that was inspired by her Queen Victoria
0%
No matching quizzes found
Score Distribution
Percent of People with Each Score
Percentile by Number Answered
Your Score History
You have not taken this quiz